000 00682na a2200253 4500
001 17684
003 MIRAKIL
005 20181213154949.0
008 161101b tu 000 0
020 _a9758759426
040 _aMilas
_btur
_cTR-AnCHP
041 _atur
082 _a338.642
_bU38k 2006
090 _a338.642 U38k 2006
100 _aUğur, Arif
245 _aKobiler için alternatif ve finansman yöntemleri
_cArif Uğur
260 _aAnkara
_bSinemis Yayınları
_c2006
300 _a230 s.
_c22 sm.
440 _aSinemis Yayınları
_v43
490 _aEkonomi
_v3
504 _aKaynakça var.
650 _aKOBİ'ler
_xFinans yöntemleri
942 _2dcc
_cBKS
999 _c3986
_d3986